00264 a2200121 4500001000700000020001800007040001100025100001600036240003900052245003400091300000800125362000900133190669 a85-336-1605-8 cMagnum aHearn, Lian10aA saga otori: o piso-rouxinollpor10aA saga otori: o piso-rouxinol a3200 a2002